| 000 | 00525nam a2200205Ia 4500 | ||
|---|---|---|---|
| 003 | GCL | ||
| 008 | 140319s9999 xx 000 0 eng d | ||
| 040 |
_aGCL / _cGCL |
||
| 082 | 0 | 4 |
_a741.6 _bC G |
| 100 | 1 | _aCLARK, SHEREE | |
| 245 | 1 | 0 |
_aGREAT DESIGN .USING NON - TRADITIONAL MATERIALS / _cCLARK, SHEREE |
| 700 | 1 | _aLYONS, WENDY | |
| 260 |
_a[S.N] : _bNORTH LIGHT BOOKS ، _c1996 |
||
| 300 | _a138 P | ||
| 650 | 0 | 4 | _aDRAWING |
| 650 | 0 | 4 | _aARTS |
| 650 | 0 | 4 | _aART DESIGN |
| 650 | 0 | 4 | _aGRAPHIC - DESIGN |
| 942 |
_2ddc _cBK |
||
| 999 |
_c15693 _d15693 |
||